Výročná zpráva o činnosti Zemedelskej rady pre Slovensko za rok 1930 s desaťročným jubilejným prehľadom zemedelstva na Slovensku

Salvato in:
Dettagli Bibliografici
Natura: Libro
Lingua:slovacco
Pubblicazione: Bratislava Nákladom Zemedelskej rady pre Slovensko 1931
Tags: Aggiungi Tag
Nessun Tag, puoi essere il primo ad aggiungerne!!

MARC

LEADER 00000nam a2200000 4500
001 0307675
005 20250317113513.4
041 0 |a slo 
044 |a SK 
245 1 0 |a Výročná zpráva o činnosti Zemedelskej rady pre Slovensko za rok 1930  |b s desaťročným jubilejným prehľadom zemedelstva na Slovensku 
264 1 |a Bratislava  |b Nákladom Zemedelskej rady pre Slovensko  |c 1931